01408cam a2200373 a 45000010009000000050017000090080041000260100017000670150019000840160018001030200028001210200031001490200035001800200038002150350023002530350020002760400049002960430012003450500025003570820022003821000031004042450059004352500012004942600047005063000059005534400022006125040064006346000056006986500047007546500040008016510058008416510052008998560083009511446654020170105102847.0060725s2007 dcuabf b 001 0beng  a 2006024099 aGBA6A45662bnb7 a0136247472Uk a1574888927 (alk. paper) a9781574888928 (alk. paper) a1574888935 (pbk. : alk. paper) a9781574888935 (pbk. : alk. paper) a(OCoLC)ocm70836647 a(OCoLC)70836647 aDLCcDLCdBAKERdUKMdBTCTAdC#PdYDXCPdDLC ae-uk---00aDA68.12.W4bH39 200700a941.081092aB2221 aHaythornthwaite, Philip J.10aWellington :bthe Iron Duke /cPhilip Haythornthwaite. a1st ed. aWashington, D.C. :bPotomac Books,cc2007. axvi, 125 p., [16] p. of plates :bill., maps ;c21 cm. 0aMilitary profiles aIncludes bibliographical references (p. 113-115) and index.10aWellington, Arthur Wellesley,cDuke of,d1769-1852. 0aPrime ministerszGreat BritainvBiography. 0aGeneralszGreat BritainxBiography. 0aGreat BritainxPolitics and governmenty19th century. 0aGreat BritainxHistory, Militaryy19th century.413Table of contents onlyuhttp://www.loc.gov/catdir/toc/ecip0618/2006024099.html